LEADER 01241nam 2200421 450 001 9910502993103321 005 20220611105539.0 010 $a981-15-7431-6 035 $a(CKB)4100000012024294 035 $a(MiAaPQ)EBC6721297 035 $a(Au-PeEL)EBL6721297 035 $a(OCoLC)1267586449 035 $a(PPN)259459321 035 $a(EXLCZ)994100000012024294 100 $a20220611d2021 uy 0 101 0 $aeng 135 $aurcnu|||||||| 181 $ctxt$2rdacontent 182 $cc$2rdamedia 183 $acr$2rdacarrier 200 00$aChina's solution for precise poverty alleviation $ethe case of Guizhou /$fGuiyang Poverty Alleviation Office 210 1$aSingapore :$cSpringer,$d[2021] 210 4$dİ2021 215 $a1 online resource (214 pages) 311 $a981-15-7430-8 606 $aPoverty$xGovernment policy$zChina 606 $aPoverty$zChina 615 0$aPoverty$xGovernment policy 615 0$aPoverty 676 $a339.460951 712 02$aGuiyang Poverty Alleviation Office, 801 0$bMiAaPQ 801 1$bMiAaPQ 801 2$bMiAaPQ 906 $aBOOK 912 $a9910502993103321 996 $aChina's Solution for Precise Poverty Alleviation$92556260 997 $aUNINA LEADER 01957nam 2200421 450 001 9910828244203321 005 20230814224502.0 010 $a93-5280-851-7 010 $a93-5280-852-5 035 $a(CKB)4100000006671742 035 $a(MiAaPQ)EBC5516536 035 $a(EXLCZ)994100000006671742 100 $a20181009d2018 uy 0 101 0 $aeng 135 $aurcnu|||||||| 181 $ctxt$2rdacontent 182 $cc$2rdamedia 183 $acr$2rdacarrier 200 10$aDiscover the alchemist within $etaking the first step towards personal growth /$fKartikeyan V., Rachna Nandakumar, Vishwanath P 210 1$aLos Angeles :$cSage,$d2018. 215 $a1 online resource (271 pages) 311 $a93-5280-850-9 327 $aAn invitation to the alchemist in you -- Introduction to the transformative alignment map -- The four worlds -- The world of structure and order -- The world of autonomy and initiative -- The world of connectedness and nurturance -- The world of flow and unfolding -- The sixteen symbolic identities -- The administrator -- The artiste -- The collaborator -- The curious child -- The custodian -- The guide-mentor -- The healer -- The mother -- The muse -- The provider of resources -- The ruler -- The strategist -- The troubleshooter -- The trickster -- The warlord -- The warrior-crusader -- The TAM playbook -- The way forward -- Appendix 1 The two axes of orientation -- Appendix 2 TAM self-assessment/tam self-certification -- Bibliography -- About the authors. 606 $aMeditations 606 $aSpiritual exercises 615 0$aMeditations. 615 0$aSpiritual exercises. 676 $a242 700 $aV$b Kartikeyan$01605638 702 $aNandakumar$b Rachna 702 $aP. Vishwanath 801 0$bMiAaPQ 801 1$bMiAaPQ 801 2$bMiAaPQ 906 $aBOOK 912 $a9910828244203321 996 $aDiscover the alchemist within$93930995 997 $aUNINA